Missing Word: Morgan Freeman (A-Z) Quiz Stats

 Plays Quiz Updated Jun 25, 2016

Challenge
Share
Tweet
Embed
Score 0/21 Timer 05:00
0 Plays Today
Movie Answer % Correct
_____ Came a SpiderAlong
98.8%
_____ Dollar BabyMillion
98.6%
Robin _____ :Prince of ThievesHood
98.5%
_____ You See MeNow
98.1%
War of the _____Worlds
95.8%
The Dark _____ RisesKnight
94.8%
The _____ RedemptionShawshank
93.7%
_____ AlmightyEvan
92.9%
_____ on MeLean
92.7%
_____ SuspicionUnder
81.3%
Sum of All _____Fears
79.5%
Movie Answer % Correct
Kiss the ______Girls
79.1%
_____ ImpactDeep
78.1%
The Bonfire of the _____Vanities
76.4%
____ And SoberClean
71.8%
Nurse _____Betty
70.7%
_____ Has FallenOlympus
64.4%
Dolphin _____Tale
57.3%
The _____ of OnePower
39.6%
Hard _____Rain
33%
_____ HandsomeJohnny
26.9%

Today's Daily Dose

You're not logged in!

Compare scores with friends on all Sporcle quizzes.
Join for Free
OR
Log In

You Might Also Like...

Show Comments

Extras

Top Quizzes Today


Score Distribution

Your Account Isn't Verified!

In order to create a playlist on Sporcle, you need to verify the email address you used during registration. Go to your Sporcle Settings to finish the process.

Report this User

Report this user for behavior that violates our Community Guidelines.

Details: